Interpretazione giuridica.

Sparad:
Bibliografiska uppgifter
Huvudupphovsman: Modugno, Franco (autore)
Materialtyp: Bok
Språk:engelska
Publicerad: Padova, Italia: CEDAM, 2012.
Upplaga:Seconda edizione.
Serie:Manuali di scienze giuridiche.
Ämnen:
Taggar: Lägg till en tagg
Inga taggar, Lägg till första taggen!

MARC

LEADER 00000nam a22000007a 4500
003 CL-VaPUC
005 20220822114423.0
008 220224t2012 ||||| |||| 00| 0 eng d
999 |c 434531  |d 434529 
020 |a 978-88-13-30825-4 
040 |c Pontificia Universidad Católica de Valparaíso 
082 0 4 |2 22  |a 340.11 MOD 2012 
100 1 |a Modugno, Franco  |e autore  |9 866503 
245 1 0 |a Interpretazione giuridica. 
250 |a Seconda edizione.  
260 |a Padova, Italia:  |b CEDAM,   |c 2012. 
300 |a XIII, 595 páginas.  
490 0 |a Manuali di scienze giuridiche.  
500 |a c.1 Donación Familia Prof. Alejandro Guzmán Brito. 
583 |c 20220224  |k Yessy Stephany Diaz Vidal 
650 1 |a Interpretación jurídica  |x Filosofía del derecho  |9 869552 
650 1 |a Interpretación del derecho  |9 869568 
942 |2 ddc  |c BK  |n 0 
952 |0 0  |1 0  |2 ddc  |4 0  |6 340_110000000000000_MOD_2012  |7 1  |8 C_AGB  |9 581457  |a BIBDER  |b BIBDER  |d 2022-02-24  |e Donación   |i 5647827  |o 340.11 MOD 2012  |p 5647827  |r 2023-01-25  |t 1  |w 2022-02-24  |y BK_US  |k AGB